| 000 | 00848cam a2200229Li 4500 | ||
|---|---|---|---|
| 005 | 20140903175026.0 | ||
| 008 | 070301s2004 mx frn 001 0 spa d | ||
| 020 | _a9789682325588 | ||
| 040 |
_aCo-BoUCM _bspa _cJavier Garzón _dHenry Ríos |
||
| 041 | 0 | _aspa | |
| 100 | 1 |
_aSantana Hernández, Adalberto _956899 |
|
| 245 | 1 | 3 |
_aEl narcotráfico en América Latina _cpor Adalberto Santana |
| 260 |
_aMéxico D.F. (México) _bSiglo XXI _c2004 _g2012 |
||
| 300 | _a269 páginas | ||
| 490 | 0 | _aSociología y política | |
| 504 | _aIncluye referencias bibliográficas | ||
| 650 | 7 |
_aControl de drogas y narcóticos _xPolitica gubernamental _zAmérica Latina _943494 |
|
| 650 | 7 |
_aNarcotráfico _zAmérica Latina _920085 |
|
| 690 |
_942900 _aProblemas sociales |
||
| 942 |
_a6 _cLIBRO _e1 _mS232 _2DEWEY _h363.45 |
||
| 999 |
_c184572 _d184572 |
||